00000000nam##2200000za#4500
0019.531068
003CaOODSP
00520200327075535
007ta
008150406|1998||||xxc|||||     f|0| 0 eng|d
020 |a0-660-60700-X
040 |aCaOODSP|beng
041 |aeng
041 |afre
043 |an-cn---
0861 |aBT31-4/35-1998
1101 |aCanada. |bTreasury Board.
24510|aCopyright Board Canada
260 |aOttawa - Ontario : |bTreasury Board of Canada Secretariat |c1998.
300 |aEnglish text, 24p. : |btables ; |c28 cm.
4901 |aPerformance report for the period ending March 31, 1998
546 |aBilingual
563 |aSoftcover
590 |a98-45|b1998-11-06
7760#|tCopyright Board Canada, performance report for the period ending March 31, 1998 |w(CaOODSP)9.568845
7760#|tCommission du droit d'auteur Canada, rapport sur le rendement pour la période se terminant le 31 mars 1998 |w(CaOODSP)9.600109
792 |tCommission du droit d'auteur Canada|efre|w(CaOODSP)9.531069
830#0|aPerformance report for the period ending March 31, 1998.|w(CaOODSP)9.508974